Átadták a Nyitott Európáért díjakat munkásságuk túlnőtte a kisebbségi élet kereteit

Bibliographic Details
Main Author: Vojtek, Katalin, 1949- (Author)
Format: Article
Language:Hungarian
Subjects:

MARC

LEADER 00000nab a2200000 a 4500
001 vtls000662834
003 SK-MaSNL
005 20260319075705.0
008 160405c1998 xo 0 hun
015 |a SNBRA1998/05-14158 
035 |a CLN000015022 
040 |a SNKBUCL  |b slo  |c SNKBUCL  |e AACR2 
041 0 |a hun 
044 |a xo  |c SK 
080 |a 061.27(437.6=945.11)  |2 1997 
080 |a 323.15(=945.11)(437.6)  |2 1997 
080 |a 06.068  |2 1997 
100 1 |a Vojtek, Katalin,  |d 1949-  |4 aut  |9 737115 
245 1 0 |a Átadták a Nyitott Európáért díjakat  |b munkásságuk túlnőtte a kisebbségi élet kereteit  |c Vojtek Katalin 
610 7 |a Nadácia Sándora Máraiho  |x Cena Za otvorenú Európu  |y 1998  |2 snkbucl  |9 895621 
650 0 7 |a Cena Za otvorenú Európu  |y 1998  |2 snkbucl  |9 895622 
655 7 |a články z novín a časopisov  |2 snkbucl  |9 267496 
773 0 |t Új szó  |g Roč. 51, č. 87 (16.4.1998), s. 5 
850 |a Slovenská národná knižnica v Martine 
852 |a SNK  |b KIS3GCP 
958 |a HU 
958 |a SK 
958 |a RBX 
999 |c 1419680  |d 1421610